La Liga: 250+ Goal Contributions (2000-) - Statistics

General Stats
  • This quiz has been taken 28 times
  • The average score is 5 of 5
Answer Stats
Ranking Player Positions Nationality Matches Goals (assists) Periods Clubs % Correct
2 Cristiano Ronaldo MF, FW 292 311 (83) 2009-2018
100%
1 Lionel Messi MF, FW 519 474 (191) 2004-2021
100%
5 Luis Suárez FW 258 178 (73) 2014-2022
100%
3 Karim Benzema FW 439 238 (106) 2009-2023
95%
4 Antoine Griezmann MF, FW 530 198 (84) 2010-2025
91%
No matching quizzes found
Score Distribution
Percent of People with Each Score
Percentile by Number Answered
Your Score History
You have not taken this quiz